| 000 | 00506nam a2200217Ia 4500 | ||
|---|---|---|---|
| 003 | 0100 | ||
| 008 | 130303s9999 xx 000 0 und d | ||
| 040 | _cARRUPELIB | ||
| 050 | _aB52.L587 1962 | ||
| 100 | _aLewis, John | ||
| 245 | _aHistory of philosophy | ||
| 260 | _aLondon | ||
| 260 | _bThe English University Press | ||
| 260 | _C1962 | ||
| 300 | _a186p. | ||
| 300 | _b 18 cm. | ||
| 440 | _aThe teach youself | ||
| 650 | _aPHILOSOPHY | ||
| 650 | _bAugustine, St--City of God | ||
| 942 | 0 | 0 | _04 |
| 999 |
_c44148 _d44148 |
||